| 000 | 00748nam a2200253Ia 4500 | ||
|---|---|---|---|
| 003 | OSt | ||
| 005 | 20220926010626.0 | ||
| 006 | a|||||r|||| 00| 0 | ||
| 007 | ta | ||
| 008 | 220923b |||||||| |||| 00| 0 eng d | ||
| 020 | _a0300036108 | ||
| 037 | _cGeneral Book | ||
| 040 |
_aRTL _cRTL _beng |
||
| 041 |
_2eng _aeng |
||
| 082 | _aY49.5961.M60<--L70, M6 | ||
| 100 |
_aLis Catharina _9122848 |
||
| 245 | 0 |
_aSocial change and the labouring poor _b Antwerp 1770-1860 |
|
| 260 |
_aNew Haven _bYale University Press _c1986 |
||
| 300 |
_axiii,237p _ccm. |
||
| 500 | _aBibliography: p 212-227 | ||
| 650 | _aWorking Class | ||
| 942 |
_hY49.5961.M60<--L70, M6 _cGB _2CC |
||
| 999 |
_c617808 _d617808 |
||